| 000 | 01004pam a2200277 a 4500 | ||
|---|---|---|---|
| 001 | 2578642 | ||
| 003 | NUST-PNEC | ||
| 005 | 20170116180710.0 | ||
| 008 | 960312s1996 nyua 000 0 eng | ||
| 010 | _a 96013631 | ||
| 020 | _a0831130687 | ||
| 040 | _cPNEC | ||
| 050 | 0 | 0 |
_aTA151 _b.S49 1996 |
| 082 | 0 | 0 |
_a620.00212 SIM _220 |
| 100 | 1 |
_aSims, Frank, _d1925- |
|
| 245 | 1 | 0 |
_aEngineering formulas : _bconversions, definitions, and tables / _cby Frank Sims. |
| 250 | _a1st ed. | ||
| 260 |
_aNew York : _bIndustrial Press, _c1996. |
||
| 300 |
_axiii, 386 p. : _bill. ; _c19 cm. |
||
| 500 | _ahttp://www.amazon.com/Engineering-Formulas-Conversions-Definitions-Tables/dp/0831130687/ref=sr_1_1?s=books&ie=UTF8&qid=1412251085&sr=1-1&keywords=0831130687 | ||
| 650 | 0 |
_aEngineering _xTables. |
|
| 650 | 0 |
_aMathematics _xME |
|
| 906 |
_a7 _bcbc _corignew _d1 _eocip _f19 _gy-gencatlg |
||
| 942 |
_2ddc _cBK |
||
| 999 |
_c60913 _d60913 |
||